| 000 | 01029nam a2200277 a 4500 | ||
|---|---|---|---|
| 005 | 20140310183354.0 | ||
| 008 | 120919s19uu xx 00 eng d | ||
| 020 | _a9781859645758 | ||
| 050 |
_aPE 1628In _b.M478 2011 |
||
| 100 | _aMcCormack, Joan | ||
| 245 |
_aSpeaking & pronunciation : _binstructor's manual / _cJoan McCormack ... [et al.]. |
||
| 260 |
_aReading, UK : _bGarnet Education, _c2011. |
||
| 300 |
_a100 p. : _bill. ; _c25 cm. |
||
| 440 | _aEnglish for Academic Study | ||
| 500 | _aSuitable for: TOEFL 500-600, IELTS 5.0-7.0. | ||
| 520 | _aA university preparation course published in collaboration with the University of Reading. | ||
| 650 |
_aEnglish language _xTextbooks for foreign speakers |
||
| 650 |
_aEnglish language _xPronunciation |
||
| 650 |
_aRhetoric _xProblems, exercises, etc. |
||
| 650 |
_aEnglish language _xRhetoric _xProblems, exercises, etc. |
||
| 700 | _aWatkins, Sebastian | ||
| 700 | _aSmith, Jonathan | ||
| 700 | _aMargolis, Annette | ||
| 942 |
_cBK _2lcc _kFOR |
||
| 999 |
_c22173 _d22173 |
||